مكتبة جامعة عجلون الوطنية

فهرس بحث المكتبة

الوسيط في قانون الإجراءات الجنائية، مج1، ج1+2 (Record no. 23825)

MARC details
000 -LEADER
fixed length control field 00782nam a2200229Ii 4500
003 - CONTROL NUMBER IDENTIFIER
control field JO-AjNU
008 - FIXED-LENGTH DATA ELEMENTS--GENERAL INFORMATION
fixed length control field 230605s9999||||xx |||||||||||||| ||und||
017 ## - COPYRIGHT OR LEGAL DEPOSIT NUMBER
Copyright or legal deposit number 1981/1977
020 ## - INTERNATIONAL STANDARD BOOK NUMBER
International Standard Book Number 977-256-444-0
040 ## - CATALOGING SOURCE
Original cataloging agency JO-AjNU
Language of cataloging ara
Description conventions rda
Transcribing agency JO-AjNU
041 ## - LANGUAGE CODE
Language code of text/sound track or separate title ara
050 14 - LIBRARY OF CONGRESS CALL NUMBER
Classification number KRM4610.S9722 1981
100 3# - MAIN ENTRY--PERSONAL NAME
Personal name تاليف سرور، أحمد فتحي,
Relator term author
9 (RLIN) 46544
245 00 - TITLE STATEMENT
Title الوسيط في قانون الإجراءات الجنائية، مج1، ج1+2
250 ## - EDITION STATEMENT
Edition statement ط4
264 31 - PRODUCTION, PUBLICATION, DISTRIBUTION, MANUFACTURE, AND COPYRIGHT NOTICE
Place of production, publication, distribution, manufacture القاهرة: د.ن، 1981
300 ## - PHYSICAL DESCRIPTION
Extent مج1، ج1+2 ،1342ص
336 ## - CONTENT TYPE
Content type term text
Content type code txt
Source rdacontent
337 ## - MEDIA TYPE
Media type term unmediated
Media type code n
Source rdamedia
338 ## - CARRIER TYPE
Carrier type term volume
Carrier type code nc
Source rdacarrier
650 #4 - SUBJECT ADDED ENTRY--TOPICAL TERM
Topical term or geographic name entry element القانون الجنائي - قانون الاجراءات الجنائية
9 (RLIN) 46545
Holdings
Withdrawn status Lost status Source of classification or shelving scheme Damaged status Not for loan Home library Current library Shelving location Date acquired Total Checkouts Full call number Barcode Date last seen Price effective from Koha item type
    Library of Congress Classification     مكتبة جامعة عجلون الوطنية مكتبة جامعة عجلون الوطنية المجموعات العامة 06/06/2023   KRM4610.S9722 1981 A20257 06/06/2023 06/06/2023 Books